000 00671nam a2200205Ii 4500
003 JO-AjNU
008 230605s9999||||xx |||||||||||||| ||und||
017 _a2013/7/2479
040 _aJO-AjNU
_bara
_erda
_cJO-AjNU
041 _aara
050 1 4 _aPJ7538.Y34 2013
100 3 _aالشريف، سميح ,
_eauthor
_961084
245 0 0 _aثقافتنا بين العقل الأدني والعقل الأسمى والاستخلاف
264 3 1 _aعمان: وزارة الثقافه، 2013
300 _a188ص
336 _atext
_btxt
_2rdacontent
337 _aunmediated
_bn
_2rdamedia
338 _avolume
_bnc
_2rdacarrier
650 4 _aالادب العربي
_961085
999 _aA27589
_c31157
_d31157